[Event "Lille Luce op 6th"]
[Site "Lille"]
[Date "2015.05.08"]
[Round "6"]
[White "Allemand, Christian"]
[Black "Calonne, Pascal"]
[Result "1-0"]
[WhiteElo "1779"]
[BlackElo "1554"]
[PlyCount "35"]
[EventDate "2015.05.04"]
[EventType "swiss"]
[EventRounds "9"]
[EventCountry "FRA"]
[SourceTitle "EXT 2017"]
[Source "ChessBase"]
[SourceDate "2016.10.25"]
[SourceVersion "1"]
[SourceVersionDate "2016.10.25"]
[SourceQuality "1"]

1. e4 c5 2. Nf3 e6 3. d4 cxd4 4. Nxd4 a6 5. Nc3 Nc6 6. Be3 Qc7 7. Qd2 Nf6 8. Be2 Bb4 9. f3 h6 10. g4 d5 11. g5 hxg5 12. Bxg5 Rxh2 13. 0-0-0 Nxd4 14. Qxd4 Bxc3 15. bxc3 Bd7 16. e5 Rxh1 17. Rxh1 Ng8 18. Rh8 1-0

[Event "Lille Luce op 5th"]
[Site "Lille"]
[Date "2014.05.01"]
[Round "5"]
[White "Guedon, Stephane"]
[Black "Allemand, Christian"]
[Result "1-0"]
[WhiteElo "2210"]
[BlackElo "1775"]
[PlyCount "63"]
[EventDate "2014.04.28"]
[EventType "swiss"]
[EventRounds "9"]
[EventCountry "FRA"]
[SourceTitle "CBM 160 Extra"]
[Source "ChessBase"]
[SourceDate "2014.07.01"]
[SourceVersion "1"]
[SourceVersionDate "2014.07.01"]
[SourceQuality "1"]

1. d4 Nf6 2. c4 c5 3. d5 b5 4. cxb5 a6 5. bxa6 g6 6. Nc3 Bxa6 7. Nf3 d6 8. g3 Bg7 9. Bg2 0-0 10. Rb1 Qa5 11. 0-0 Nbd7 12. Qc2 Ng4 13. Bd2 Qb6 14. b3 Qa7 15. a4 Rab8 16. h3 Nge5 17. Nxe5 Nxe5 18. Kh2 Rb7 19. f4 Nd7 20. Rfe1 Qb8 21. Nd1 Rc8 22. Ne3 Bd4 23. Nc4 Rbc7 24. Na5 Nf6 25. e3 Qb6 26. Nc6 Nxd5 27. Bxd5 e6 28. Ba5 Qxc6 29. Bxc6 Rxc6 30. exd4 cxd4 31. Qxc6 Rxc6 32. Rbc1 1-0

[Event "Avoine op 21th"]
[Site "Avoine"]
[Date "2006.07.28"]
[Round "7"]
[White "Allemand, Christian"]
[Black "Lemoine, Thomas"]
[Result "0-1"]
[WhiteElo "1839"]
[BlackElo "1987"]
[PlyCount "54"]
[EventDate "2006.07.22"]
[EventType "swiss"]
[EventRounds "9"]
[EventCountry "FRA"]
[SourceTitle "EXT 2007"]
[Source "ChessBase"]
[SourceDate "2006.11.23"]
[SourceVersion "1"]
[SourceVersionDate "2006.11.23"]
[SourceQuality "1"]

1. e4 e6 2. d4 d5 3. e5 c5 4. c3 Qb6 5. Nf3 Nc6 6. a3 Nh6 7. b4 cxd4 8. cxd4 Nf5 9. Bb2 Bd7 10. g4 Nh6 11. h3 f6 12. Nc3 fxe5 13. Na4 Qd8 14. Nxe5 Nxe5 15. dxe5 Nf7 16. Bg2 Bb5 17. Nc3 Bc4 18. Ne2 a5 19. Qd2 axb4 20. axb4 Rxa1+ 21. Bxa1 Qb6 22. Bc3 Be7 23. Bf1 0-0 24. Ng3 Nxe5 25. Qe3 Nf3+ 26. Kd1 Bb3+ 27. Kc1 Bg5 0-1

[Event "Avoine op 20th"]
[Site "Avoine"]
[Date "2005.07.27"]
[Round "5"]
[White "Allemand, Christian"]
[Black "Lukasiewicz, Grzegorz"]
[Result "0-1"]
[WhiteElo "1773"]
[BlackElo "2279"]
[PlyCount "110"]
[EventDate "2005.07.23"]
[EventType "swiss"]
[EventRounds "9"]
[EventCountry "FRA"]
[SourceTitle "EXT 2007"]
[Source "ChessBase"]
[SourceDate "2006.11.23"]
[SourceVersion "1"]
[SourceVersionDate "2006.11.23"]
[SourceQuality "1"]

1. e4 c5 2. Nf3 Nc6 3. Nc3 d6 4. d4 cxd4 5. Nxd4 Nf6 6. Be2 g6 7. 0-0 Bg7 8. Nxc6 bxc6 9. Kh1 0-0 10. f4 Qc7 11. Bd3 Rb8 12. Qe1 Nd7 13. b3 Nc5 14. Bb2 Nxd3 15. cxd3 f5 16. Rc1 Qd7 17. Nd1 Bxb2 18. Nxb2 c5 19. e5 Bb7 20. Nc4 Rbc8 21. Qg3 Rfd8 22. Rfe1 Ba6 23. e6 Qe8 24. Nd2 Qf8 25. Re3 Bb7 26. Qg5 Qg7 27. Rce1 Rf8 28. Kg1 Rb8 29. Nc4 Rf6 30. Qh4 Bd5 31. Qf2 Rff8 32. Rg3 Kh8 33. Kh1 Qf6 34. Rge3 Rb4 35. Kg1 Qd4 36. Qh4 Qf6 37. Qxf6+ Rxf6 38. Nxd6 exd6 39. e7 Bc6 40. e8Q+ Bxe8 41. Rxe8+ Kg7 42. R8e7+ Rf7 43. g3 Rd4 44. R1e3 a5 45. Kf2 a4 46. Rxf7+ Kxf7 47. bxa4 Rxa4 48. Re2 Ra3 49. Rd2 Ke6 50. Ke1 Kd5 51. Kd1 Kd4 52. Kc1 Rxd3 53. Rxd3+ Kxd3 54. Kb2 Kc4 55. Kc2 d5 0-1

[Event "Avoine op 20th"]
[Site "Avoine"]
[Date "2005.07.26"]
[Round "4"]
[White "Gharamian, Tigran"]
[Black "Allemand, Christian"]
[Result "1-0"]
[WhiteElo "2412"]
[BlackElo "1773"]
[PlyCount "68"]
[EventDate "2005.07.23"]
[EventType "swiss"]
[EventRounds "9"]
[EventCountry "FRA"]
[SourceTitle "EXT 2007"]
[Source "ChessBase"]
[SourceDate "2006.11.23"]
[SourceVersion "1"]
[SourceVersionDate "2006.11.23"]
[SourceQuality "1"]

1. e4 d5 2. d3 d4 3. f4 c5 4. Nf3 Nc6 5. g3 Nf6 6. Bg2 Bg4 7. Nbd2 g6 8. h3 Bd7 9. 0-0 Qc7 10. a4 h5 11. Nc4 Qc8 12. Ng5 Qc7 13. Ne5 Be6 14. Nxe6 fxe6 15. Nxg6 Rg8 16. Nxf8 Rxf8 17. e5 Nd5 18. Qxh5+ Kd7 19. Bxd5 exd5 20. e6+ Kc8 21. Qxd5 Nb4 22. Qg2 Qd6 23. f5 Qb6 24. g4 Kd8 25. b3 Rc8 26. Bf4 Rc6 27. Rae1 Kc8 28. h4 Qd8 29. Re5 a6 30. h5 Qe8 31. h6 b5 32. axb5 axb5 33. Rxc5 Rg8 34. Rxb5 Rxc2 1-0